Időszerűtlen nosztalgiák

Elmentve itt :
Bibliográfiai részletek
Szerző: SALAT Levente
Adatforrás:Meister
Forrásdokumentuma:Korunk. -
9 sz., 1990, 1165-1169 p.
Nyelv:magyar
Kulcsszavak:művelődéstörténeti esszé
intézménytörténet
oktatási intézmények
iskolák
Temesvár
Kolozsvár
Marosvásárhely
Bolyai Farkas Középiskola (Marosvásárhely)
LEADER 00587nab a2200205 i 4500
001 bibPRO00001718
008 060524s1990 xx hun
040 |a Sz1 
041 |a hun 
100 1 |a SALAT Levente 
245 1 0 |a Időszerűtlen nosztalgiák  |c SALAT Levente 
695 |a művelődéstörténeti esszé 
695 |a intézménytörténet 
695 |a oktatási intézmények 
695 |a iskolák 
695 |a Temesvár 
695 |a Kolozsvár 
695 |a Marosvásárhely 
695 |a Bolyai Farkas Középiskola (Marosvásárhely) 
773 0 |t Korunk. -  |g 9 sz., 1990, 1165-1169 p.